LEADER 01506nam 2200325Ia 450 001 996386601403316 005 20221108044708.0 035 $a(CKB)1000000000614462 035 $a(EEBO)2248540132 035 $a(OCoLC)13415569 035 $a(EXLCZ)991000000000614462 100 $a19860410d1699 uy | 101 0 $aeng 135 $aurbn||||a|bb| 200 12$aA supplement to Dr. Hammond's paraphrase and annotations on the New Testament$b[electronic resource] $ein which his interpretation of many important passages is freely and impartially examin'd, and confirm'd or refuted : and the sacred text further explain'd by new remarks upon every chapter /$fby Monsieur Le Clerc ; English'd by W. P. ; to which is prefix'd a letter from the author to a friend in England, occasion'd by this translation 210 $aLondon $cPrinted for Sam. Buckley ...$d1699 215 $axxiv, [2], 668, [15] p 300 $aAn English translation of LeClerc's additions to his Latin translation of Hammons's Paraphrase and annotations upon all the books of the New Testament. 300 $aReproduction of original in Bodleian Library. 330 $aeebo-0014 700 $aLe Clerc$b Jean$f1657-1736.$0291787 701 $aHammond$b Henry$f1605-1660.$0322258 801 0$bEAA 801 1$bEAA 801 2$bm/c 801 2$bWaOLN 906 $aBOOK 912 $a996386601403316 996 $aA supplement to Dr. Hammond's paraphrase and annotations on the New Testament$92425943 997 $aUNISA LEADER 01007nam0-22002891i-450 001 990005354090403321 005 20231026090804.0 035 $a000535409 035 $aFED01000535409 035 $a(Aleph)000535409FED01 035 $a000535409 100 $a19990530f---0---9km-y0itay50------ba 101 0 $aita 105 $aa-------00--- 200 1 $aRegione III$eLucania et Bruttii XII$eBanzi (Matera). - Scoperta di tombe greche ad numazione nella zona dell'abitato$fGennaro Pesce 210 $as.l.$cs.e.$ds.d. 215 $aP. 429 - 461$cill.$d29 cm 300 $aEstratto da: Atti della Reale Accademia Nazionale dei Lincei. Notizie degli scavi di antichita, vol.XII, serie VI, fascicoli 10 11 e 12 700 1$aPesce,$bGennaro$0206328 712 0 $aAccademia nazionale dei Lincei 801 0$aIT$bUNINA$gRICA$2UNIMARC 901 $aBK 912 $a990005354090403321 952 $aARCH. BM MISC. 057 (20)$bARCH. 14496$fFLFBC 959 $aFLFBC 996 $aRegione III$9599251 997 $aUNINA